00689 2200193 4500001002100000005001700021008004100038035002400079090002300103100002600126245018100152300002800333500006700361650002100428850001200449980001300461985000600474999001500480YOGYA-0209000004444520090227030406.0 ind  0010-020900000044445 a346.012bKun FlSK aKUNCORO, CahyonoHakso aFungsi kantor Catatan Sipil dalam bidang perkawinan sejak berlakunya Undang-Undang No. 1 Tahun 1974 di Kotamadya Dati II YogyakartabSkripsicdisusun oleh Cahyono Hakso Kuncoro avi,[14], 81 lembc28 cm aSkripsi : Fakultas Hukum Universitas Proklamasi 435 Yogyakarta aHukum Perorangan aYOPDYOG a28122007 a1 a07A0027314